| 000 | 00855nas a2200265 4500 | ||
|---|---|---|---|
| 001 | BR9203510 | ||
| 003 | BR-BrBNA | ||
| 005 | 20231205092645.0 | ||
| 007 | ta | ||
| 008 | 230509b bl.|||p| |||| 00| 00por d | ||
| 040 |
_aBR-BrBNA _bpor _cBiblioteca Nacional de Agricultura |
||
| 041 | _a(Pt) | ||
| 072 | _aL73 | ||
| 100 | 1 | _aAbuchaim, D.M. | |
| 100 | 1 | _aDutra, N.L.F. | |
| 245 | 1 | _aPrevalencia da leptospirose em bovinos da bacia leiteira de Porto Alegre, Rio Grande do Sul | |
| 650 | _aLEPTOSPIROSE | ||
| 650 | _aGADO LEITEIRO | ||
| 650 | _aBACTERIA | ||
| 650 | _aPORTO ALEGRE | ||
| 650 | _aRIO GRANDE DO SUL | ||
| 773 | 0 |
_tArquivos da Faculdade de Veterinaria da Universidade Federal do Rio Grande do Sul (Brazil) _xISSN 0101-5230 _g(Dec 1985), v. 13 p. 55-60 _wBR9203510 |
|
| 909 |
_a202311 _bLúcia _c55 _dLúcia Elande |
||
| 942 |
_2AGRIS _n0 _cANA |
||
| 999 |
_c133190 _d133190 |
||